| 000 | 00612nmc a2200217 a 4500 | ||
|---|---|---|---|
| 003 | AR-X00000XY | ||
| 005 | 20251128212009.0 | ||
| 008 | 077020s1944 ||||||||||||||000 | spa|| | ||
| 040 | _cAR-X00000XY | ||
| 100 | 1 | _aMolinos, Miguel de | |
| 245 | 1 | 0 |
_aGuía espiritual _bantología |
| 260 |
_aBuenos Aires _bs.e. _c1944 |
||
| 300 | 0 | _a92 p. | |
| 490 | 0 | _aColección Los místicos | |
| 500 | 0 | _aCon anotaciones manuscritas de Alejandra Pizarnik | |
| 500 | 0 | _aEjemplar numerado nº 740 | |
| 700 | 1 |
_aSerrano Plaja, Arturo _eprologuista |
|
| 800 | 1 | _aSerrano Plaja, Arturo | |
| 942 | _cBK | ||
| 998 | _cmartin | ||
| 999 |
_c21989 _d21989 |
||